[Event "SK Bebenhausen 1 - SV Stuttgart-Wolfbus"]
[Site "Oberliga Württemberg 2017/201"]
[Date "2017.11.12"]
[Round "4.6"]
[White "Roth, Jürgen Eugen"]
[Black "Montigel, Philipp"]
[Result "1-0"]
[WhiteElo "2099"]
[BlackElo "2008"]
[Annotator ""]
[Source ""]
[Remark ""]

1.Nf3 e6 2.g3 b6 3.Bg2 Bb7 4.O-O c5 5.c4 Nf6 6.Nc3 Be7 7.d4 cxd4
8.Nb5 d6 9.Nfxd4 Bxg2 10.Kxg2 a6 11.Nc3 Qc7 {(=)} 12.Qd3 Nbd7
13.b3 Rc8 14.Bb2 O-O 15.e4 Qb7 16.f3 Rfd8 17.Rad1 Bf8 18.Rfe1
Ne5 19.Qe2 Re8 20.Kg1 h5 21.f4 Ng6 22.e5 dxe5 23.fxe5 Ng4 24.h3
N4xe5 25.Qxh5 Bc5 26.Rxe5 Nxe5 27.Qxe5 f6 28.Qe4 Qc7 29.Kg2 Rcd8
30.Nde2 Rxd1 31.Nxd1 b5 32.cxb5 axb5 33.a3 Qd7 34.Ndc3 f5 35.Qe5
Qc6+ 36.Kh2 b4 37.axb4 Bxb4 38.Ne4 Bf8 39.Ng5 Qb7 40.h4 Qxb3
41.Nf4 Qc2+ 42.Kh3 Qc6 43.Ng2 Qd5 44.Kh2 Qc6 45.Qe2 Be7 46.Qh5
Bxg5 47.hxg5 e5 48.g6 Qf6 49.Qh7+ Kf8 50.Ba3+ 1-0

[Event "SK Bebenhausen 1 - SV Stuttgart-Wolfbus"]
[Site "Oberliga Württemberg 2017/201"]
[Date "2017.11.12"]
[Round "4.7"]
[White "Severin, Andreas"]
[Black "Wandel, Dietrich"]
[Result "1/2-1/2"]
[WhiteElo "2007"]
[BlackElo "2106"]
[Annotator ""]
[Source ""]
[Remark ""]

1.d4 Nf6 2.Bf4 d5 3.e3 Bf5 4.c4 e6 5.Qb3 Qc8 6.Nc3 c6 7.h3 Be7
8.Nf3 O-O 9.Be2 dxc4 10.Bxc4 b5 11.Be2 a6 12.O-O c5 13.dxc5 Nbd7
14.Nd4 Nxc5 15.Nxf5 exf5 16.Qc2 Nce4 17.Rac1 {(=)} Qe6 18.a4
Rfc8 19.axb5 axb5 20.Bxb5 Bb4 21.Rfd1 Bxc3 22.bxc3 Nxc3 23.Bd3
Nxd1 24.Qxd1 Rxc1 25.Qxc1 Nd5 26.Bg3 Rc8 27.Qb1 g6 28.Kh2 Nc3
29.Qb2 Qd5 30.Ba6 Rc5 31.Qb8+ Kg7 32.Bd6 Ne4 1/2-1/2

[Event "SK Bebenhausen 1 - SV Stuttgart-Wolfbus"]
[Site "Oberliga Württemberg 2017/201"]
[Date "2017.11.12"]
[Round "4.8"]
[White "Wendler, David"]
[Black "Häcker, Johannes"]
[Result "1-0"]
[WhiteElo "2101"]
[BlackElo "2040"]
[Annotator ""]
[Source ""]
[Remark ""]

1.e4 c5 2.c3 d5 3.exd5 Qxd5 4.d4 Nf6 5.Nf3 Bg4 6.Nbd2 cxd4 7.Bc4
Qd6 8.Qb3 Nc6 9.Bxf7+ Kd8 10.O-O b6 11.Nc4 Qc7 12.cxd4 e6 13.Nce5
Bd6 14.Bxe6 Na5 15.Nf7+ Ke7 16.Qe3 Bxe6 17.N7g5 Qd7 18.Re1 Nd5
19.Qxe6+ Qxe6 20.Rxe6+ Kd7 21.Ne5+ Bxe5 22.dxe5 Nc7 23.Rd6+ Ke7
24.b4 Nb7 25.Rd1 Rad8 26.Bb2 h6 27.Nf3 Ne6 28.Nh4 Kf7 29.Rac1
g6 30.g3 1-0

[Event "SK Schmiden/Cannstatt 1 - SG Schwäbisch Gmünd 1"]
[Site "Oberliga Württemberg 2017/2018"]
[Date "2017.11.12"]
[Round "4"]
[White "Jurek, Josef"]
[Black "Kabisch, Thilo"]
[Result "1/2-1/2"]
[WhiteElo "2265"]
[BlackElo "2285"]
[Annotator ""]
[Source ""]
[Remark ""]

1.Nf3 g6 2.d4 Bg7 3.c4 d6 4.Nc3 Nf6 5.g3 O-O 6.Bg2 c5 7.dxc5
dxc5 8.Qxd8 Rxd8 9.Be3 Nc6 10.Bxc5 Be6 11.Nd2 Nd7 12.Ba3 Bxc3
13.bxc3 Nde5 14.Bc1 Rac8 15.c5 Na5 16.O-O Rxc5 17.Nb3 Bxb3 18.axb3
Nxb3 19.Rxa7 Nxc1 20.Rxc1 Rd2 21.Rxb7 Rxe2 22.Bf1 Nf3+ 23.Kg2
Ne1+ 24.Kg1 Re6 25.c4 Nf3+ 26.Kg2 Nd2 27.Bd3 Rd6 28.Rc3 e5 {(=)}
29.Rb2 e4 30.Rxd2 exd3 31.Rdxd3 Rxd3 32.Rxd3 Rxc4 1/2-1/2

[Event "SK Schmiden/Cannstatt 1 - SG Schwäbisch Gmünd 1"]
[Site "Oberliga Württemberg 2017/2018"]
[Date "2017.11.12"]
[Round "4"]
[White "Trachtmann, Mark"]
[Black "Weiss, Andreas"]
[Result "1/2-1/2"]
[WhiteElo "2282"]
[BlackElo "2165"]
[Annotator ""]
[Source ""]
[Remark ""]

1.d4 Nf6 2.c4 e6 3.Nc3 Bb4 4.e3 O-O 5.Nge2 d5 6.a3 Be7 7.Ng3
Nbd7 8.cxd5 exd5 9.Bd3 Re8 10.O-O c5 11.dxc5 Nxc5 12.Bc2 Bg4
13.f3 Be6 14.Nb5 Qd7 15.Nd4 b5 16.b4 Nb7 17.f4 Qd8 18.Nxb5 a5
19.Rb1 Qb6 20.Qd3 Bd7 21.Nd4 axb4 22.axb4 Nd6 23.Re1 Rec8 24.Bd2
Nc4 25.Ngf5 Bf8 26.Bc3 Ne4 27.Ba1 Na3 28.Rb2 Nxc2 29.Rxc2 Qxb4
30.Rec1 Rxc2 31.Nxc2 Qd2 32.Qxd2 Nxd2 33.Nfd4 Rb8 34.Bc3 Ne4
35.Be1 g6 36.Ra1 Bc5 37.h3 h5 38.Kf1 Kf8 39.Ra2 Ke7 40.Ke2 Rb7
41.Kf3 f6 42.g4 hxg4+ 43.hxg4 Rb1 44.Ra1 Rxa1 45.Nxa1 Bxd4 46.exd4
Ba4 47.Ke2 Kd6 48.Bb4+ Kc6 49.Be1 Kb5 50.Kd3 Bd1 51.Bh4 Bxg4
52.Nb3 Bf5 53.Nd2 g5 54.fxg5 fxg5 55.Be1 Nd6+ 56.Kc3 Be4 57.Nf1
Nf5 58.Bf2 Ne7 59.Be3 g4 60.Ng3 Kc6 61.Bg5 Nc8 62.Kd2 Bf3 63.Nf5
Kb5 64.Kc3 Be4 65.Ng3 Nd6 66.Bf4 Nc4 67.Nf1 Kc6 68.Ng3 Na3 69.Be5
Nb5+ 70.Kd2 Bf3 71.Nf5 Na3 72.Bf4 Kd7 73.Ne3 Ke6 74.Ke1 Nb5 75.Be5
Na7 76.Kf2 Nc6 77.Bh8 Ne7 78.Be5 Ng6 79.Bc7 Ne7 80.Kg3 Nf5+ 1/2-1/2

[Event "SK Schmiden/Cannstatt 1 - SG Schwäbisch Gmünd 1"]
[Site "Oberliga Württemberg 2017/2018"]
[Date "2017.11.12"]
[Round "4"]
[White "Denisow, Jewgeny"]
[Black "Krockenberger, Martin"]
[Result "0-1"]
[WhiteElo "2136"]
[BlackElo "2219"]
[Annotator ""]
[Source ""]
[Remark ""]

1.e4 e6 2.d4 d5 3.exd5 exd5 4.c4 Nf6 5.Nf3 Be7 6.Be2 O-O 7.O-O
h6 8.Nc3 Nbd7 9.c5 c6 10.b4 Ne4 11.Nxe4 dxe4 12.Nd2 Nf6 13.Bb2
Bf5 14.Nc4 Nd5 15.Ne3 Be6 16.b5 Nxe3 17.fxe3 Qd7 18.a4 f5 19.Qe1
Bd5 20.Qg3 Bd8 21.Qd6 Qf7 22.bxc6 bxc6 23.Rab1 Bc7 24.Bh5 Qxh5
25.Qxc7 Qe2 26.Rf2 Qxe3 27.Rbf1 Qg5 28.h4 Qxh4 29.Rxf5 Rxf5 30.Rxf5
e3 31.Qf4 Qxf4 32.Rxf4 Rb8 33.Bc1 Rb1 34.Rf1 e2 35.Re1 Bc4 36.a5
Kf7 37.Kf2 Ke6 38.g4 Kd5 39.g5 h5 40.g6 Rb8 41.Bf4 Rf8 42.Ke3
Rf6 43.Rh1 Rxg6 44.Rxh5+ Ke6 45.Re5+ Kd7 46.Kf2 Rf6 47.Kg3 Re6
48.Kf2 g6 49.Rxe6 Kxe6 50.Bb8 a6 51.Bg3 Kd5 52.Ke3 Bb5 53.Be1
Kc4 54.Bd2 Kb3 55.Kf2 Kc2 56.Ke1 Kd3 57.d5 cxd5 58.Bf4 d4 59.Bd2
Ke4 60.c6 Bxc6 61.Kxe2 Bb5+ 62.Kf2 Kf5 63.Kg3 g5 64.Bc1 Bd7 65.Bd2
g4 66.Kf2 Ke4 67.Bb4 Kd3 68.Bc5 Kc3 69.Bb6 d3 70.Be3 d2 71.Ke2
Bb5+ 72.Kd1 Ba4+ 0-1

[Event "SK Schmiden/Cannstatt 1 - SG Schwäbisch Gmünd 1"]
[Site "Oberliga Württemberg 2017/2018"]
[Date "2017.11.12"]
[Round "4"]
[White "Eisele, Steffen"]
[Black "Hönick, Andreas"]
[Result "1-0"]
[WhiteElo "2252"]
[BlackElo "2058"]
[Annotator ""]
[Source ""]
[Remark ""]

1.e4 c5 2.Nf3 Nc6 3.Bb5 e6 4.Bxc6 bxc6 5.O-O Ne7 6.d3 Ng6 7.e5
f6 8.exf6 Qxf6 9.Nc3 d5 10.Be3 Bd6 11.Na4 d4 12.Bc1 O-O 13.Ng5
Qf5 14.Ne4 Be7 15.Qe2 Ba6 16.b3 Bb5 17.Nb2 Rae8 18.Bd2 e5 19.a4
Ba6 20.Nc4 Nf4 21.Bxf4 exf4 22.Qf3 Qd7 23.Rfe1 Bxc4 24.bxc4 Rb8
25.Rab1 Rb4 26.a5 Qb7 27.Nd2 Bd6 28.Qe4 Rxb1 29.Rxb1 Qd7 30.Re1
Bc7 31.Nb3 Qd6 32.Qe6+ Rf7 33.Qe8+ Rf8 34.Qe6+ Kh8 35.Kf1 f3
36.Qxd6 fxg2+ 37.Kxg2 Bxd6 38.Re6 Rd8 39.a6 Kg8 40.Na5 Kf7 41.Nxc6
Kxe6 42.Nxd8+ Kd7 43.Nb7 Be7 44.Kf3 g6 45.Ke4 Ke6 46.h3 Bf8 47.Nd8+
Kd7 48.Nf7 Kc6 49.Ng5 h6 50.Ne6 Be7 51.Nf4 Bh4 52.f3 Kb6 53.Kd5
Kxa6 54.Kxc5 Be7+ 55.Kxd4 Bf6+ 56.Kc5 Ka5 57.Nd5 Bh4 58.d4 Ka4
59.Nc3+ Ka5 60.d5 Bf2+ 61.Kc6 Kb4 62.Ne4 Bh4 63.c5 a5 64.Kb6
a4 65.c6 Bd8+ 66.c7 Bxc7+ 67.Kxc7 a3 68.d6 a2 69.d7 a1Q 70.d8Q
Qa5+ 71.Kd7 Qa4+ 72.Ke7 Qxc2 73.Qd2+ Qxd2 74.Nxd2 Kc3 75.Ne4+
Kd3 76.Kf6 Ke3 77.Kxg6 Kxf3 78.Kxh6 1-0

[Event "SK Schmiden/Cannstatt 1 - SG Schwäbisch Gmünd 1"]
[Site "Oberliga Württemberg 2017/2018"]
[Date "2017.11.12"]
[Round "4"]
[White "Reindl, Arno"]
[Black "Thoma, Christian"]
[Result "0-1"]
[WhiteElo "2003"]
[BlackElo "2177"]
[Annotator ""]
[Source ""]
[Remark ""]

1.e4 c5 2.Nf3 d6 3.d4 cxd4 4.Qxd4 a6 5.c4 Nc6 6.Qd3 Nf6 7.Be2
g6 8.O-O Bg7 9.Nc3 O-O 10.Bf4 Bg4 11.Qd2 Rc8 12.Rac1 Nd7 13.b3
Nc5 14.Bh6 Ne6 15.Bxg7 Kxg7 16.Ng5 Bxe2 17.Nxe6+ fxe6 18.Nxe2
e5 19.Rc3 Rf7 20.Rh3 Qb6 21.Qh6+ Kg8 22.Kh1 Rcf8 23.f3 Qa5 24.a4
Qb4 25.f4 Qd2 26.Nc1 exf4 27.Rd3 Qc2 28.Qh3 Ne5 29.Rd4 f3 30.g3
Qg2+ 0-1

[Event "SK Schmiden/Cannstatt 1 - SG Schwäbisch Gmünd 1"]
[Site "Oberliga Württemberg 2017/2018"]
[Date "2017.11.12"]
[Round "4"]
[White "Witke, Thomas"]
[Black "Held, Paul"]
[Result "1/2-1/2"]
[WhiteElo "2053"]
[BlackElo "2128"]
[Annotator ""]
[Source ""]
[Remark ""]

1.d4 Nf6 2.Bf4 d6 3.e3 g6 4.Nf3 Bg7 5.Be2 O-O 6.O-O b6 7.c4 c5
8.Nc3 Bb7 9.h3 Ne4 10.Nxe4 Bxe4 11.Ng5 Bb7 12.Bf3 1/2-1/2

[Event "SK Schmiden/Cannstatt 1 - SG Schwäbisch Gmünd 1"]
[Site "Oberliga Württemberg 2017/2018"]
[Date "2017.11.12"]
[Round "4"]
[White "Bader, Gerd"]
[Black "Löhr, Markus"]
[Result "1/2-1/2"]
[WhiteElo "2036"]
[BlackElo "2160"]
[Annotator ""]
[Source ""]
[Remark ""]

1.e4 c6 2.d3 d5 3.Nd2 e5 4.Ngf3 Bd6 5.d4 exd4 6.exd5 Nf6 7.Be2
Nxd5 8.O-O O-O 9.Ne4 Nf4 10.Bxf4 Bxf4 11.Qxd4 Qxd4 12.Nxd4 Nd7
13.Rad1 Re8 14.Bf3 Ne5 15.Nd6 Rd8 16.Nxc8 Nxf3+ 17.Nxf3 Raxc8
18.g3 Bc7 19.Rfe1 Rxd1 20.Rxd1 Rd8 21.Rxd8+ Bxd8 22.Kf1 Bf6 23.c3
Kf8 24.Ke2 Ke7 25.Kd3 Ke6 26.Nd4+ Kd5 27.Nc2 b5 28.Ne3+ Ke6 29.b3
Bd8 30.Nc2 Bb6 31.Nd4+ Kd7 32.f3 g6 33.Nc2 Kd6 34.Ke4 Ke6 35.Nd4+
Kd6 36.Nc2 Ke6 37.Nd4+ 1/2-1/2

[Event "SG Schwäbisch Gmünd 1 - TG Biberach 1"]
[Site "Oberliga Württemberg 2017/2018"]
[Date "2017.12.10"]
[Round "5"]
[White "Sinz, Bernhard"]
[Black "Velicka, Petr"]
[Result "1-0"]
[WhiteElo "2364"]
[BlackElo "2403"]
[Annotator ""]
[Source ""]
[Remark ""]

1.e4 c6 2.d4 d5 3.e5 c5 4.dxc5 Nc6 5.a3 Nxe5 6.b4 Nf6 7.Bb2 Qc7
8.Nc3 e6 9.Nb5 Qb8 10.Nf3 Nxf3+ 11.Qxf3 a6 12.Bd3 axb5 13.Bxf6
gxf6 14.Qxf6 Rg8 15.Bxb5+ Bd7 16.Bxd7+ Kxd7 17.Qxf7+ Be7 18.O-O
Qe5 19.Rae1 Qf6 20.Qxh7 Qf3 21.g3 Qg4 22.Qd3 Kc7 23.f4 Bf6 24.Rf2
Qf5 25.Rf3 Bb2 26.Qxf5 exf5 27.Re7+ Kc6 28.Re6+ Kb5 29.Rb3 Bxa3
30.Rb6+ Kc4 31.c6 Bc1 32.cxb7 Rad8 33.Kf2 Rge8 34.Rc6+ Kb5 35.Rbc3
Be3+ 36.Kf3 Rb8 37.Rc8 Ba7 38.Rxe8 Rxe8 39.Rc8 Re3+ 40.Kg2 Re2+
41.Kh3 Ka6 42.b8Q Bxb8 43.Rxb8 Rxc2 44.Rd8 Rd2 45.Kh4 Kb5 46.Kg5
Kc4 47.Kxf5 Rxh2 48.g4 Rb2 49.g5 Rxb4 50.g6 Rb7 51.Ke5 1-0

[Event "SG Schwäbisch Gmünd 1 - TG Biberach 1"]
[Site "Oberliga Württemberg 2017/2018"]
[Date "2017.12.10"]
[Round "5"]
[White "Jurek, Josef"]
[Black "Fischer, André"]
[Result "1-0"]
[WhiteElo "2264"]
[BlackElo "2261"]
[Annotator ""]
[Source ""]
[Remark ""]

1.Nf3 c5 2.c4 Nc6 3.Nc3 e5 4.g3 g6 5.Bg2 Bg7 6.O-O d6 7.d3 Nge7
8.Ne1 Be6 9.Nd5 O-O 10.Nc2 Rb8 11.Bg5 f6 12.Bd2 Qd7 13.Rb1 a6
14.Nb6 Qd8 15.Nd5 Qd7 16.Nb6 Qd8 17.Nd5 b5 18.b4 Qd7 19.bxc5
dxc5 20.e4 Rfc8 21.a3 Nd4 22.Nxd4 cxd4 23.f4 Kh8 24.fxe5 fxe5
25.a4 Bxd5 26.cxd5 Ng8 27.axb5 Rxb5 28.Rxb5 Qxb5 29.Bh3 Rb8 30.Qc2
Qb6 31.Qc6 Bf6 32.Qxb6 Rxb6 33.Ba5 Rb5 34.Bc7 Rb7 35.d6 Kg7 36.Bc8
Ra7 37.Bb6 Ra8 38.d7 Be7 39.Bc7 Nh6 40.Bxe5+ Kg8 41.d8Q+ 1-0

[Event "SG Schwäbisch Gmünd 1 - TG Biberach 1"]
[Site "Oberliga Württemberg 2017/2018"]
[Date "2017.12.10"]
[Round "5"]
[White "Weiß, Oliver"]
[Black "Weiss, Andreas"]
[Result "0-1"]
[WhiteElo "2236"]
[BlackElo "2165"]
[Annotator ""]
[Source ""]
[Remark ""]

1.d4 Nf6 2.Bg5 Ne4 3.Bf4 d5 4.e3 e6 5.Bd3 Bd6 6.Qg4 O-O 7.Bxe4
dxe4 8.Bxd6 Qxd6 9.Nc3 f5 10.Qe2 b6 11.f3 Ba6 12.Qd2 Nd7 13.O-O-O
Nf6 14.Nge2 exf3 15.gxf3 e5 16.d5 c5 17.Ng3 Bc8 18.Qd3 Ne8 19.Nb5
Qd7 20.d6 Bb7 21.e4 fxe4 22.Nxe4 Rd8 23.Ng5 Rf5 24.Rhg1 h6 25.Qc4+
Kh8 26.Ne6 Qf7 27.Qh4 Rd7 28.Nd8 Qxa2 29.Nc3 Qa6 30.Ne6 Rff7
31.Ng5 Rf4 32.Qh3 Rxd6 33.Rxd6 Nxd6 34.Ne6 Rxf3 35.Qg2 g5 36.Qd2
Rf1+ 37.Rxf1 Qxf1+ 38.Nd1 Nf7 39.Qd7 Qf6 40.Qe8+ Kh7 41.Ne3 Be4
42.b3 Kg6 43.Ng4 Qf1+ 44.Kb2 Kh5 45.Nxe5 Kh4 46.Nxf7 {(=)} Qe2
47.Nexg5 Qxc2+ 48.Ka3 hxg5 49.Qh8+ Kg4 50.h3+ Kf5 51.Qe5+ Kg6
52.Qe6+ Kg7 53.Ne5 Qc1+ 54.Ka4 Qa1+ 55.Kb5 Qa5+ 56.Kc4 Qb4# 0-1

[Event "SG Schwäbisch Gmünd 1 - TG Biberach 1"]
[Site "Oberliga Württemberg 2017/2018"]
[Date "2017.12.10"]
[Round "5"]
[White "Denisow, Jewgeny"]
[Black "Mack, Wolfgang"]
[Result "1-0"]
[WhiteElo "2136"]
[BlackElo "2152"]
[Annotator ""]
[Source ""]
[Remark ""]

1.e4 g6 2.h4 d5 3.exd5 Nf6 4.d4 Qxd5 5.c4 Qa5+ 6.Bd2 Qb6 7.c5
Qe6+ 8.Be2 Nc6 9.Nf3 Bg7 10.O-O O-O 11.Nc3 Rd8 12.Ng5 Qd7 13.Qb3
e6 14.Be3 h6 15.Nf3 Ng4 16.Rad1 Nxe3 17.fxe3 Qe7 18.d5 Ne5 19.d6
cxd6 20.cxd6 Rxd6 21.Qb4 Nxf3+ 22.Bxf3 Bf8 23.Qc4 Rb6 24.Qd4
Rb4 25.Qd8 Kg7 26.h5 g5 27.Ne4 f5 28.a3 Qxd8 29.Rxd8 Rxb2 30.Rc1
fxe4 31.Rc7+ Kg8 32.Bxe4 Bd7 33.Rxa8 Rd2 34.Rd8 Rd1+ 35.Kf2 1-0

[Event "SG Schwäbisch Gmünd 1 - TG Biberach 1"]
[Site "Oberliga Württemberg 2017/2018"]
[Date "2017.12.10"]
[Round "5"]
[White "Schulze, Andreas"]
[Black "Hönick, Andreas"]
[Result "1/2-1/2"]
[WhiteElo "2203"]
[BlackElo "2058"]
[Annotator ""]
[Source ""]
[Remark ""]

1.e4 c5 2.Nf3 Nc6 3.Bb5 e6 4.Bxc6 bxc6 5.d3 Ne7 6.Qe2 Ng6 7.h4
h5 8.e5 Be7 9.Qe4 Qc7 10.Bd2 c4 11.dxc4 Bb7 12.Bc3 O-O-O 13.Qe3
c5 14.Nbd2 Qc6 15.O-O-O f6 16.exf6 gxf6 17.Rhe1 Rhg8 18.g3 e5
19.Ba5 Rde8 20.Kb1 d6 21.Ng1 Nf8 22.Qh6 Ne6 23.Qxh5 Ref8 24.Qf5
Qd7 25.Nb3 Ba6 26.Re4 Bd8 27.Bxd8 Rxd8 28.Ne2 Nd4 29.Nexd4 cxd4
30.Qxd7+ Rxd7 31.Nd2 f5 32.Ree1 Rg4 33.c5 e4 34.c6 Rc7 35.Nb3
d3 36.Na5 Re7 37.cxd3 e3 38.Nc4 e2 39.Rc1 Rd4 40.Ne3 Bxd3+ 41.Ka1
Re5 42.Ng2 Be4 43.Ne3 Bd3 44.Ng2 Be4 45.Ne3 Bd3 1/2-1/2

[Event "SG Schwäbisch Gmünd 1 - TG Biberach 1"]
[Site "Oberliga Württemberg 2017/2018"]
[Date "2017.12.10"]
[Round "5"]
[White "Reindl, Arno"]
[Black "Sokratov, Stanislav"]
[Result "0-1"]
[WhiteElo "2003"]
[BlackElo "2168"]
[Annotator ""]
[Source ""]
[Remark ""]

1.e4 c5 2.Nf3 Nc6 3.Bb5 g6 4.O-O Bg7 5.Bxc6 dxc6 6.d3 Nf6 7.Nc3
Bg4 8.h3 Bxf3 9.Qxf3 Qd6 10.Qe2 Nh5 11.Be3 Nf4 12.Qd2 g5 13.Ne2
Be5 14.h4 h6 15.Rab1 Rg8 16.Bxf4 gxf4 17.f3 O-O-O 18.Kh1 Qf6
19.g3 fxg3 20.Kg2 h5 21.Rh1 Rg4 22.Qe3 Bd4 23.Nxd4 cxd4 24.Qd2
Rf4 25.Rbf1 Rg8 26.Qa5 Rxh4 27.Qxa7 Rh2+ 28.Rxh2 gxh2+ 29.Kf2
Qh4+ 30.Ke2 Rg2+ 31.Kd1 Qf4 32.Qa8+ Kc7 33.Qa5+ Kd7 34.Qb4 Qxf3+
35.Rxf3 h1Q+ 36.Qe1 Rg1 0-1

[Event "SG Schwäbisch Gmünd 1 - TG Biberach 1"]
[Site "Oberliga Württemberg 2017/2018"]
[Date "2017.12.10"]
[Round "5"]
[White "Birkenmaier, Rainer"]
[Black "Held, Paul"]
[Result "1/2-1/2"]
[WhiteElo "2094"]
[BlackElo "2128"]
[Annotator ""]
[Source ""]
[Remark ""]

1.d4 Nf6 2.Nf3 g6 3.Bg5 Bg7 4.Nbd2 d6 5.c3 O-O 6.e4 c5 7.dxc5
dxc5 8.Bc4 Nc6 9.O-O Na5 10.Re1 Nxc4 11.Nxc4 Be6 12.Qxd8 Rfxd8
13.Bxf6 exf6 14.Ne3 Bh6 15.h3 Rd3 16.Ng4 Bg7 17.Re3 Rad8 18.Rxd3
Rxd3 19.Kf1 f5 20.exf5 Bxf5 21.Ne3 Be4 22.Ke2 Rd8 23.Rd1 Rxd1
24.Nxd1 Bh6 25.Ne3 {(=)} Kf8 26.Nd2 Bc6 27.f3 b6 28.Kd3 Ke7 29.c4
Ke6 30.g3 f5 31.Nef1 f4 32.g4 Ke5 33.h4 Bf8 34.Ne4 Be7 35.g5
Bf8 36.Nh2 Kf5 37.b3 Be7 38.Nd2 Bf8 39.Ne4 Be7 40.Nd2 Bf8 41.Ne4
Be7 1/2-1/2

[Event "SG Schwäbisch Gmünd 1 - TG Biberach 1"]
[Site "Oberliga Württemberg 2017/2018"]
[Date "2017.12.10"]
[Round "5"]
[White "Bader, Gerd"]
[Black "Namyslo, Holger"]
[Result "1/2-1/2"]
[WhiteElo "2036"]
[BlackElo "2212"]
[Annotator ""]
[Source ""]
[Remark ""]

1.Nf3 d5 2.d3 Nf6 3.Nbd2 e6 4.e4 b6 5.c3 Bb7 6.Qc2 Be7 7.Be2
O-O 8.O-O c5 9.Re1 Nc6 10.Bf1 Qc7 11.g3 Rac8 12.Bg2 Rfd8 13.exd5
Nxd5 14.a3 Qd7 15.Nc4 Bf6 16.Bg5 Qe7 17.Bxf6 Nxf6 18.a4 Ba6 19.Nfe5
Nxe5 20.Nxe5 Bb7 21.Bxb7 Qxb7 22.Qb3 Rd5 23.Rad1 Qc7 24.f4 Rcd8
25.Qc4 Nd7 26.Nf3 h6 27.Re3 Qb7 28.Rde1 a6 29.d4 Nf6 30.Qe2 Qd7
31.Qxa6 Ng4 32.Re4 Qc6 33.Qb5 Qc7 34.Qe2 cxd4 35.Nxd4 Nf6 36.Re5
Qc5 37.Rxd5 Nxd5 {(=)} 38.Qb5 Ra8 39.Qxc5 bxc5 40.Nb3 c4 41.Nd2
Rxa4 42.Re4 Nb6 43.Rd4 Ra2 44.Nxc4 Nxc4 45.Rxc4 Rxb2 46.Rc8+
Kh7 47.Rc6 Kg6 48.g4 Rc2 49.h4 Kf6 50.f5 Ke5 51.fxe6 fxe6 52.Rc7
g5 53.hxg5 hxg5 54.Rc5+ Kf4 55.Rc4+ Kf3 56.Rc6 e5 57.Rf6+ Kxg4
58.Rc6 e4 59.c4 Kf3 60.Rf6+ Kg3 61.Kf1 Rxc4 62.Ke2 Rc3 63.Re6
e3 64.Re8 g4 65.Re7 Kg2 66.Re8 g3 67.Re7 Kg1 68.Re8 g2 69.Rf8
Rc1 70.Rf7 Rf1 71.Rh7 Rf2+ 72.Ke1 Ra2 73.Rh8 e2 74.Rg8 Kh2 75.Rxg2+
Kxg2 1/2-1/2

[Event "SV Stuttgart-Wolfbusch 1 - SK Schmiden/Cannstatt 1"]
[Site "Oberliga Württemberg 2017/2018"]
[Date "2017.12.10"]
[Round "5"]
[White "Holzhäuer, Mathias"]
[Black "Häcker, Alexander"]
[Result "1-0"]
[WhiteElo "2222"]
[BlackElo "2222"]
[Annotator ""]
[Source ""]
[Remark ""]

1.e4 e6 2.d4 d5 3.e5 c5 4.b4 cxb4 5.a3 Qa5 6.Bb2 Nc6 7.Qd2 Qd8
8.f4 Nh6 9.Nf3 Nf5 10.Bd3 Bd7 11.O-O h5 12.axb4 Bxb4 13.c3 Be7
14.Na3 Na5 15.Qe2 g6 16.Nd2 Kf8 17.Ra2 h4 18.Rfa1 b6 19.Nc2 Rc8
20.Ne3 Nxe3 21.Qxe3 g5 22.Rf1 h3 23.g3 g4 24.f5 Bg5 25.Qe2 Bxd2
26.Ba3+ Ke8 27.Qxd2 Nc4 28.Qf4 Rg8 29.Bc1 a5 30.Qh6 Qe7 31.Raf2
b5 32.Qh7 Qf8 33.fxe6 Bxe6 34.Rf6 Qg7 35.Qh5 Ke7 36.Bh6 Rh8 37.Qh4
Rxh6 38.Rxf7+ 1-0

[Event "SV Stuttgart-Wolfbusch 1 - SK Schmiden/Cannstatt 1"]
[Site "Oberliga Württemberg 2017/2018"]
[Date "2017.12.10"]
[Round "5"]
[White "Ruf, Matthias"]
[Black "Kabisch, Thilo"]
[Result "1/2-1/2"]
[WhiteElo "2333"]
[BlackElo "2285"]
[Annotator ""]
[Source ""]
[Remark ""]

1.d4 Nf6 2.Nf3 d6 3.g3 g6 4.Bg2 Bg7 5.c4 O-O 6.Nc3 c5 7.O-O Nc6
8.d5 Na5 9.Nd2 e5 10.a3 b6 11.b4 Nb7 12.Rb1 Bd7 13.Bb2 Ne8 14.e3
f5 15.Ne2 Nf6 16.Re1 Qe7 17.Nf1 h5 18.f4 e4 19.h4 Rfc8 20.Qb3
a6 21.Nd2 b5 22.Nc3 Rc7 23.Bf1 cxb4 24.axb4 bxc4 25.Nxc4 Rb8
26.Qa3 Bb5 27.Nd2 Nd8 28.Bxb5 axb5 29.Rbd1 Nf7 30.Nb3 Ra7 31.Na5
Ng4 32.Rd2 Nfh6 33.Ne2 Bxb2 34.Rxb2 Qf7 35.Qb3 Rba8 36.Nd4 Nf6
37.Nxb5 Ra6 38.Nc6 Nhg4 39.Nxd6 Qc7 40.Nb5 Qb6 41.d6+ Kg7 42.Nbd4
Ra3 43.Qe6 Rxe3 44.Rxe3 Ra1+ 45.Kg2 Nxe3+ 46.Kh3 Qa6 47.Qe7+
Kh6 48.Qf8+ Kh7 49.Qf7+ Kh6 50.Qf8+ Kh7 51.Qf7+ Kh6 1/2-1/2

[Event "SV Stuttgart-Wolfbusch 1 - SK Schmiden/Cannstatt 1"]
[Site "Oberliga Württemberg 2017/2018"]
[Date "2017.12.10"]
[Round "5"]
[White "Trachtmann, Mark"]
[Black "Ludwig, Sebastian"]
[Result "1/2-1/2"]
[WhiteElo "2282"]
[BlackElo "2069"]
[Annotator ""]
[Source ""]
[Remark ""]

1.d4 e6 2.c4 Nf6 3.Nc3 Bb4 4.Qc2 O-O 5.Nf3 d5 6.a3 Bxc3+ 7.Qxc3
dxc4 8.Qxc4 b6 9.g3 Bb7 10.Bg2 Bd5 11.Qa4 c5 12.dxc5 Nbd7 13.Be3
Nxc5 14.Bxc5 bxc5 15.b4 1/2-1/2

[Event "SV Stuttgart-Wolfbusch 1 - SK Schmiden/Cannstatt 1"]
[Site "Oberliga Württemberg 2017/2018"]
[Date "2017.12.10"]
[Round "5"]
[White "Schapotschnikov, Philipp"]
[Black "Niklasch, Oliver"]
[Result "1/2-1/2"]
[WhiteElo "2149"]
[BlackElo "2238"]
[Annotator ""]
[Source ""]
[Remark ""]

1.e4 e6 2.d4 d5 3.e5 c5 4.c3 Nc6 5.Nf3 Qb6 6.a3 Nh6 7.b4 cxd4
8.cxd4 Nf5 9.Bb2 Bd7 10.g4 Nfe7 11.Nc3 Na5 12.Nd2 Rc8 13.Na4
Qc6 14.b5 Qc7 15.Rc1 Qd8 16.Nc5 Ng6 17.Nxd7 Qxd7 18.h4 Be7 19.g5
Rxc1 20.Qxc1 O-O 21.Qc3 Nc4 22.Nxc4 dxc4 23.Bxc4 Rc8 24.Qb3 Qc7
25.Bd3 Nf4 26.O-O Qd8 27.Be4 Bxg5 28.Qf3 Bh6 29.Qg4 Rc7 30.Kh2
Nd5 31.Rg1 Qd7 32.a4 f5 33.exf6 Nxf6 34.Qf3 Qd6+ 35.Kh3 Rf7 36.Bb1
Qb4 37.Qc3 Qxc3+ 38.Bxc3 Nd5 39.Be1 Rf4 40.Rg4 Rf3+ 41.Rg3 Rf8 1/2-1/2

[Event "SV Stuttgart-Wolfbusch 1 - SK Schmiden/Cannstatt 1"]
[Site "Oberliga Württemberg 2017/2018"]
[Date "2017.12.10"]
[Round "5"]
[White "Krockenberger, Martin"]
[Black "Smolka, Alexander"]
[Result "1/2-1/2"]
[WhiteElo "2219"]
[BlackElo "2097"]
[Annotator ""]
[Source ""]
[Remark ""]

1.d4 e6 2.Nf3 f5 3.g3 Nf6 4.Bg2 Be7 5.O-O O-O 6.b3 d6 7.Bb2 a5
8.a4 Nc6 9.Nbd2 Qe8 10.Re1 Qg6 11.Nc4 Bd7 12.e3 b6 13.Qe2 Rae8
14.Rad1 Qh6 15.Ncd2 g5 16.Nf1 Nd8 17.N3d2 Nf7 18.e4 Bd8 19.c4
e5 20.dxe5 Nxe5 21.exf5 Bxf5 22.Bxe5 Rxe5 23.Ne3 Qg6 24.Nf3 Re7
25.Nd4 Be4 26.f3 Bb7 27.Qd2 Nd7 28.Nd5 Bxd5 29.cxd5 Nc5 30.Bh3
Rxe1+ 31.Rxe1 Bf6 32.Ne6 Re8 33.Nxc5 1/2-1/2

[Event "SV Stuttgart-Wolfbusch 1 - SK Schmiden/Cannstatt 1"]
[Site "Oberliga Württemberg 2017/2018"]
[Date "2017.12.10"]
[Round "5"]
[White "Montigel, Philipp"]
[Black "Thoma, Christian"]
[Result "1/2-1/2"]
[WhiteElo "2008"]
[BlackElo "2177"]
[Annotator ""]
[Source ""]
[Remark ""]

1.d4 Nf6 2.Nf3 e6 3.Bf4 b6 4.h3 Bb7 5.e3 Bd6 6.Bxd6 cxd6 7.Bd3
O-O 8.Nbd2 d5 9.Qe2 d6 10.c4 dxc4 11.Nxc4 Qe7 12.O-O Nbd7 13.a4
Bxf3 14.Qxf3 d5 15.Ne5 Nxe5 16.dxe5 Nd7 17.Qf4 Rac8 18.Rfc1 a5
19.Qd4 Qb4 20.Ba6 Rxc1+ 21.Rxc1 Nc5 22.Qxb4 axb4 23.Bb5 Ra8 24.Ra1
Kf8 1/2-1/2

[Event "SV Stuttgart-Wolfbusch 1 - SK Schmiden/Cannstatt 1"]
[Site "Oberliga Württemberg 2017/2018"]
[Date "2017.12.10"]
[Round "5"]
[White "Witke, Thomas"]
[Black "Häcker, Johannes"]
[Result "1-0"]
[WhiteElo "2053"]
[BlackElo "2040"]
[Annotator ""]
[Source ""]
[Remark ""]

1.d4 d5 2.Bf4 c6 3.e3 Bf5 4.c4 e6 5.Nc3 Nf6 6.Qb3 Qb6 7.c5 Qxb3
8.axb3 Nbd7 9.b4 Nh5 10.Be5 Nxe5 11.dxe5 g5 12.Be2 Bg6 13.Nf3
Be7 14.h4 gxh4 15.Nxh4 Bxh4 16.Rxh4 Ng7 17.b5 Kd7 18.Rha4 a6
19.bxa6 bxa6 20.Rxa6 Rxa6 21.Rxa6 Rb8 22.Na4 Rb4 23.Kd2 Kc7 24.Kc3
Rb7 25.Nb6 Ne8 26.b4 Rb8 27.g4 Kb7 28.b5 Nc7 29.Nd7 Nxa6 30.bxa6+
Ka7 31.Nxb8 Kxb8 {(=)} 32.Kb4 Ka7 33.Ka5 d4 34.exd4 Be4 35.g5
Bd5 36.Bh5 1-0

[Event "SV Stuttgart-Wolfbusch 1 - SK Schmiden/Cannstatt 1"]
[Site "Oberliga Württemberg 2017/2018"]
[Date "2017.12.10"]
[Round "5"]
[White "Willems, Sebastian"]
[Black "Scheeff, Volker"]
[Result "1-0"]
[WhiteElo "1923"]
[BlackElo "2140"]
[Annotator ""]
[Source ""]
[Remark ""]

1.c4 e5 2.Nc3 Nf6 3.g3 d5 4.cxd5 Nxd5 5.Bg2 Nb6 6.Nf3 Nc6 7.Rb1
Be7 8.b4 e4 9.Nxe4 Bf5 10.Qc2 Qd5 11.Nh4 Bxh4 12.gxh4 Nd4 13.Qd3
O-O-O 14.Bb2 Qxa2 15.O-O Nc6 16.Nd6+ Rxd6 17.Qxf5+ Kb8 18.b5
Ne7 19.Qe4 Ned5 20.Rfc1 Qa4 21.Qxa4 Nxa4 22.Bxg7 Re8 23.Rc4 Nab6
24.Re4 Rg8 25.Be5 Rdg6 26.Bg3 f5 27.Re5 Nf4 28.Rb4 Nxg2 29.Kxg2
Rf6 30.Kf3 Nc8 31.Rd4 Nd6 32.Rdd5 Kc8 33.Re7 h6 {(=)} 34.Rc5
Kd8 35.Rcxc7 Nxb5 36.Red7+ Ke8 37.Rxb7 Rb6 38.Re7+ Kd8 39.Rbd7+
Kc8 40.Bf4 Rd8 41.Rxd8+ Kxd8 42.Rh7 a5 43.Rh8+ Kd7 44.Ra8 Nd4+
45.Ke3 Nb3 46.Kd3 Nc1+ 47.Kc2 Nxe2 48.Be3 Rc6+ 49.Kd1 Ng1 50.Rxa5
Rf6 51.Ra7+ Ke8 52.Bf4 Nf3 53.Rh7 Nxh4 54.Rxh6 Ng6 55.h4 Kf7
56.Bg5 Ra6 57.h5 Ra1+ 58.Ke2 Ne5 59.Rf6+ Kg7 60.Rxf5 Nf7 61.Bf6+ 1-0